User interface design in the medical domain

Saved in:
Bibliographic Details
Main Author: Miková, Petra (Author)
Other Authors: Laco, Miroslav (Thesis advisor)
Format: Manuscript Book
Language:Slovak
English
Published: 2025
Subjects:
Online Access:http://is.stuba.sk/zp/portal_zp.pl?podrobnosti=175330
Tags: Add Tag
No Tags, Be the first to tag this record!

MARC

LEADER 00000ntm a22000003a 4500
001 stuzp102924
003 SK-STU
005 20250614211823.5
007 ta
008 150427s2015----xo-----f-mn---000-0-slo-d
040 |a STU  |b slo 
041 0 |a eng 
100 1 |a Miková, Petra  |u 070400  |4 aut  |U FIIT Fakulta informatiky a informačných technológií  |T FIIT Ústav počítačového inžinierstva a aplikovanej informatiky  |X 120852  |U I400  |Y 672  |7 120852 
242 0 1 |a Návrh používateľského rozhrania v doméne medicíny  |y slo 
245 1 0 |a User interface design in the medical domain 
260 |c 2025 
650 4 |a human-AI interaction  |2 eng 
650 4 |a human-centered design  |2 eng 
650 4 |a user experience  |2 eng 
650 4 |a používateľský zážitok  |2 slo 
650 4 |a interakcia človeka s umelou inteligenciou  |2 slo 
650 4 |a dizajn zameraný na človeka  |2 slo 
700 1 |a Laco, Miroslav  |u 070400  |k Z1  |4 ths  |U FIIT Fakulta informatiky a informačných technológií  |T FIIT Ústav počítačového inžinierstva a aplikovanej informatiky  |X 72202  |U I400  |Y 672  |7 72202 
856 4 |u http://is.stuba.sk/zp/portal_zp.pl?podrobnosti=175330